Les 51 spécialités en médecine - Statistiques

Statistiques générales
  • Ce quiz a été pris 4 843 fois
  • Le résultat moyen est 20 sur 51
Statistiques - réponses
Hint Réponse % Correct
13 Médecine cardiovasculaire
86%
26 Neurologie
78%
28 Pédiatrie
78%
10 Gynécologie médicale
73%
44 Ophtalmologie
70%
27 Oncologie
68%
29 Pneumologie
65%
46 Urologie
62%
37 Chirurgie orthopédique et traumatologique
61%
6 Dermatologie et vénérologie
61%
45 Oto-Rhino-Laryngologie
60%
9 Gériatrie
56%
30 Psychiatrie
56%
31 Radiologie et imagerie médicale
54%
12 Hépato-gastro-entérologie
53%
7 Endocrinologie-diabétologie-nutrition
51%
50 Hématologie et immunologie
50%
4 Anesthésie-réanimation
49%
25 Néphrologie
49%
38 Chirurgie plastique, reconstructrice et esthétique
48%
32 Rhumatologie
48%
11 Hématologie
46%
43 Neurochirurgie
43%
14 medecine d'urgence
43%
17 Médecine générale
43%
2 Allergologie
34%
5 Biologie médicale
33%
41 Chirurgie viscérale et digestive
33%
16 Médecine du travail
33%
20 Médecin interne
33%
19 Médecine intensive-réanimation
29%
39 Chirurgie thoracique et cardiovasculaire
28%
21 Médecine légale et expertises médicales
28%
51 Médecine moléculaire, génétique et pharmacologie
28%
35 Chirurgie maxillo-faciale
26%
40 Chirurgie vasculaire
23%
22 Médecine nucléaire
23%
8 Génétique médicale
21%
33 Santé publique
21%
18 Maladies infectieuses et tropicales
19%
24 Médecine vasculaire
19%
42 Gynécologie-obstétrique
18%
15 Médecine du sport
18%
23 Médecine physique et de réadaptation
18%
3 Anatomie et cytopathologie
16%
1 Addictologie
15%
36 Chirurgie orale
10%
34 Chirurgie infantile
7%
47 Agents infectieux
4%
49 Biologie de la reproduction
4%
48 Biologie générale
4%
Aucun quiz correspondant
Distribution des résultats
% des personnes avec chaque résultat
Percentile par nombre de réponses
Votre historique - résultats
Vous n’avez pas pris ce quiz